La ineludible Muerte (Record no. 928)
[ view plain ]
| 000 -LEADER | |
|---|---|
| campo de control de longitud fija | 00984nam a22001817a 4500 |
| 008 - DATOS DE LONGITUD FIJA--INFORMACIÓN GENERAL | |
| campo de control de longitud fija | 160601b xxu||||| |||| 00| 0 eng d |
| 020 ## - NÚMERO INTERNACIONAL ESTÁNDAR DEL LIBRO | |
| Número Internacional Estándar del Libro | 9789968530286 |
| 082 ## - NÚMERO DE LA CLASIFICACIÓN DECIMAL DEWEY | |
| Número de clasificación | 704.949.306.9 |
| Número de ítem | M743m |
| 100 ## - ENTRADA PRINCIPAL--NOMBRE DE PERSONA | |
| Nombre de persona | Monge, Maria José ; Molina, Priscila |
| 9 (RLIN) | 5100 |
| 245 ## - MENCIÓN DEL TÍTULO | |
| Título | La ineludible Muerte |
| Mención de responsabilidad, etc. | Monge, Maria José ; Molina, Priscila |
| 260 ## - PUBLICACIÓN, DISTRIBUCIÓN, ETC. | |
| Lugar de publicación, distribución, etc. | San José, Costa Rica |
| Nombre del editor, distribuidor, etc. | Fundación Museos del Banco Central de Costa Rica |
| Fecha de publicación, distribución, etc. | 2015 |
| 300 ## - DESCRIPCIÓN FÍSICA | |
| Extensión | 150 pag |
| Otras características físicas | ill |
| Dimensiones | 28 cm |
| 505 ## - NOTA DE CONTENIDO CON FORMATO | |
| Título | Presentación |
| -- | ¿Por qué una exhibición acerca de la muerte? |
| -- | Recordatorios de Muerte |
| -- | Buena Muerte/ Mala Muerte |
| -- | El "aquí" y el "más allá" |
| -- | El "aquí" |
| -- | El "más allá" |
| -- | Vencer la muerte |
| -- | Lo ambiguo de la muerte |
| -- | Epilogo |
| -- | Bibliografia |
| 650 ## - PUNTO DE ACCESO ADICIONAL DE MATERIA--TÉRMINO DE MATERIA | |
| Término de materia o nombre geográfico como elemento de entrada | Museos del Banco Central de Costa Rica |
| 9 (RLIN) | 5101 |
| 653 ## - TÉRMINO DE INDIZACIÓN--NO CONTROLADO | |
| Término no controlado | Arte- Muerte |
| -- | Arte Costarricense |
| -- | Arqueología Costarricense |
| -- | Antropologia Costarricense |
| -- | Muerte en Arte- Costa Rica |
| 700 ## - ENTRADA AGREGADA--NOMBRE PERSONAL | |
| Nombre de persona | Monge, Maria José |
| 9 (RLIN) | 5102 |
| 700 ## - ENTRADA AGREGADA--NOMBRE PERSONAL | |
| Nombre de persona | Molina, Priscila |
| 9 (RLIN) | 5103 |
| Estatus retirado | Estado de pérdida | Fuente del sistema de clasificación o colocación | Estado de daño | No para préstamo | Biblioteca de origen | Biblioteca actual | Ubicación en estantería | Fecha de adquisición | Total de préstamos | Signatura topográfica completa | Código de barras | Visto por última vez | Precio de reemplazo | Tipo de ítem Koha |
|---|---|---|---|---|---|---|---|---|---|---|---|---|---|---|
| Clasificación Decimal Dewey | Biblioteca LadoV | Biblioteca LadoV | 01/06/2016 | 704.949.306.9 M743m | 004187 | 01/06/2016 | 01/06/2016 | Material 01 |
